000
00212 a2200097 4500
001
13738
100
_a
Bullard, R
245
_a
The Camels Must Go
260
_a
London
_b
Rupert Hart Davis
_c
090
_c
10733
_d
10733
942
_a
NUST-CAE
_c
M
_c
818
999
_c
248811
_d
248811